000 01094cam a2200349 4500
999 _c60976
_d60976
001 1116289822
003 DE-627
005 20201123144952.0
007 tu
008 950703s1931 xx ||||| 00| ||ger c
035 _a(DE-627)1116289822
035 _a(DE-576)046289828
035 _a(DE-599)BSZ046289828
035 _a(OCoLC)03094433
035 _a(OCoLC)604401401
035 _a(DE-604)8062123475
040 _aDE-627
_bger
_cDE-627
_erakwb
_dSTAFF
041 _ager
084 _a9,10
_2ssgn
084 _aNR 6910
_2rvk
_0(DE-625)rvk/129679:
100 1 _aScheffler, Karl
_d1869-1951
_0(DE-588)118754262
_0(DE-627)079534481
_0(DE-576)209409177
_4aut
245 1 0 _aBerlin
_bWandlungen einer Stadt
_cvon Karl Scheffler
264 1 _aBerlin
_bCassirer
_c1931
300 _a243 S.
_bIll., Kt.
336 _aText
_btxt
_2rdacontent
337 _aohne Hilfsmittel zu benutzen
_bn
_2rdamedia
338 _aBand
_bnc
_2rdacarrier
951 _aBO
856 4 2 _uhttp://d-nb.info/575983027/04
_mV:DE-605
_qapplication/pdf
_3Inhaltsverzeichnis
942 _2z
_cBK